| 000 | 00615cam a2200241 4500 | ||
|---|---|---|---|
| 008 | 090401t1990 xxu||||| |||| 00| 0 eng d | ||
| 020 | _a0863420931 | ||
| 035 | _a(Sirsi) u8991 | ||
| 041 | _aeng | ||
| 050 | _a711.4 | ||
| 245 | _aDistrict-wide local plans : emerging issues | ||
| 260 |
_aOxford _bOxford Polytechnic School of Planning _c1990 |
||
| 300 | _aii,47p. ; 30cm. | ||
| 350 | _a3.5 | ||
| 490 |
_aWorking Paper _v125 |
||
| 650 | _aDISTRICT COUNCILS | ||
| 650 | _aPLYMOUTH | ||
| 650 | _aSWANSEA | ||
| 650 | _aWARWICKSHIRE | ||
| 700 |
_aThomas, Huw _xEditor |
||
| 942 | _n0 | ||
| 948 | _c04/03/1997 | ||
| 999 |
_c86586 _d86586 |
||